MARC

LEADER 00000nam0a2200000 4500
001 243520
005 20231101231958.0
035 |a (RuTPU)RU\TPU\book\264864 
090 |a 243520 
100 |a 20130930d1967 k y0rusy50 ca 
101 0 |a rus 
102 |a RU 
105 |a a z 001zy 
200 1 |a Применение управляющих вычислительных машин в нефтеперерабатывающей и нефтехимической промышленности Англии  |f В. С. Обухов 
210 |a Москва  |c ЦНИИТЭнефтехим  |d 1967 
215 |a 26 с.  |c ил. 
225 1 |a Схемы и средства автоматизации нефтеперерабатывающих и нефтехимических производств и применение вычислительной технике 
320 |a Библиогр.: с. 24-25. 
606 1 |a Нефтепереработка  |2 stltpush  |3 (RuTPU)RU\TPU\subj\33945  |9 86220 
610 1 |a нефтеперерабатывающая промышленность 
610 1 |a нефтехимическая промышленность 
610 1 |a Англия 
610 1 |a вычислительные машины 
610 1 |a применение 
675 |a 665.52.05  |v 3 
675 |a 681.142:665.52  |v 3 
700 1 |a Обухов  |b В. С. 
801 1 |a RU  |b 63413507  |c 20130930 
801 2 |a RU  |b 63413507  |c 20131004  |g RCR 
942 |c BK